000 00857nam a2200265Ia 4500
003 OSt
005 20220918171311.0
006 a|||||r|||| 00| 0
007 ta
008 220917b |||||||| |||| 00| 0 eng d
020 _a9781472526595 (pbk)
_cUKP 24.99
024 _a318,403
037 _bBBS/63, 03/03/2017, Better Book Services
_cTextual
040 _aARTS
_cARTS
_beng
041 _2eng
_aeng
082 _aR2, Q7
100 _aHasan Ali Au.
_9331
245 0 _aCritical introduction to the epistemology of perception
260 _aLondon
_bBloomsbury Academic UK
_c2017
300 _aix,173p.
_ccm.
490 _aBloomsbury critical introductions to contemporary epistemology
650 _aPERCEPTION
_928409
942 _hR2, Q7
_cTEXL
_2CC
999 _c138869
_d138869